[Event "Lienz op 21st"]
[Site "Lienz"]
[Date "2023.02.12"]
[Round "2"]
[White "Lauterbach, Ingrid"]
[Black "Song, Julien"]
[Result "0-1"]
[WhiteElo "2010"]
[BlackElo "2358"]
[PlyCount "71"]
[EventDate "2023.02.11"]
[EventType "swiss"]
[EventRounds "9"]
[EventCountry "AUT"]
[SourceTitle "CBM 212 Extra"]
[Source "ChessBase"]
[SourceDate "2023.03.31"]
[SourceVersion "1"]
[SourceVersionDate "2023.03.31"]
[SourceQuality "1"]

1. d4 Nf6 2. Nf3 e6 3. Bg5 h6 4. Bh4 d6 5. h3 g5 6. Bg3 Ne4 7. Bh2 Bg7 8. e3 f5 9. c3 Nd7 10. Nfd2 0-0 11. Bd3 d5 12. 0-0 b6 13. f3 Nd6 14. Na3 Bb7 15. Qe2 e5 16. dxe5 Nxe5 17. Ba6 Qe7 18. Bxb7 Nxb7 19. e4 dxe4 20. fxe4 f4 21. Nac4 Rae8 22. Nxe5 Qxe5 23. Rfe1 Nd6 24. Kh1 Qe6 25. Qd3 Rf7 26. Bg1 Rfe7 27. a4 Qg6 28. a5 Nxe4 29. Qc4+ Qf7 30. Qxf7+ Kxf7 31. Nxe4 Rxe4 32. Rxe4 Rxe4 33. axb6 axb6 34. Ra7 Be5 35. Bxb6 Re1+ 36. Bg1 0-1

[Event "Lienz op 21st"]
[Site "Lienz"]
[Date "2023.02.11"]
[Round "1"]
[White "Song, Julien"]
[Black "Coll, Julien"]
[Result "1-0"]
[WhiteElo "2358"]
[BlackElo "1782"]
[PlyCount "61"]
[EventDate "2023.02.11"]
[EventType "swiss"]
[EventRounds "9"]
[EventCountry "AUT"]
[SourceTitle "CBM 212 Extra"]
[Source "ChessBase"]
[SourceDate "2023.03.31"]
[SourceVersion "1"]
[SourceVersionDate "2023.03.31"]
[SourceQuality "1"]

1. e4 e5 2. Nc3 Nf6 3. f4 d5 4. fxe5 Nxe4 5. Qf3 f5 6. d3 Nxc3 7. bxc3 d4 8. Qg3 dxc3 9. Be2 Be6 10. Bf3 Nc6 11. Ne2 Qd7 12. 0-0 Bc5+ 13. Kh1 0-0 14. Rb1 Nd4 15. Qf2 Nxe2 16. Qxc5 Nxc1 17. Rfxc1 c6 18. a3 Rf7 19. Rb4 Qe7 20. Qxc3 Qg5 21. Re1 Rd8 22. Qc5 a6 23. Qf2 Rfd7 24. Reb1 Bd5 25. Bxd5+ Rxd5 26. Rxb7 Rxe5 27. Rc7 Rde8 28. h3 Re2 29. Qxe2 Rxe2 30. Rb8+ Re8 31. Rxe8# 1-0

[Event "Titled Tuesday intern op 07th Feb Early"]
[Site "Chess.com INT"]
[Date "2023.02.07"]
[Round "8"]
[White "Song, Julien"]
[Black "Abdilkhair, Abilmansur"]
[Result "1-0"]
[WhiteElo "2358"]
[BlackElo "2268"]
[PlyCount "109"]
[EventDate "2023.02.07"]
[EventType "swiss (blitz)"]
[EventRounds "11"]
[EventCountry "USA"]
[SourceTitle "EXT 2024"]
[Source "ChessBase"]
[SourceDate "2023.10.10"]
[SourceVersion "1"]
[SourceVersionDate "2023.10.10"]
[SourceQuality "1"]

1. d4 Nf6 2. c4 e6 3. Nf3 d5 4. g3 Be7 5. Bg2 0-0 6. Qd3 c6 7. 0-0 b6 8. Nc3 Ba6 9. b3 Nbd7 10. e4 Rc8 11. e5 Ne8 12. a4 Nc7 13. h4 dxc4 14. bxc4 Nc5 15. Qc2 Nb7 16. Ne4 h6 17. Be3 Na5 18. Nfd2 Nd5 19. Rfc1 Nxe3 20. fxe3 c5 21. d5 f5 22. Nc3 Qe8 23. d6 Bd8 24. Ne2 Bb7 25. Nf4 Bxg2 26. Kxg2 g5 27. hxg5 hxg5 28. Ne2 Qc6+ 29. Kf2 Kg7 30. Rh1 g4 31. Nf4 Bg5 32. Rh5 Bxf4 33. exf4 Rh8 34. Rah1 Qxh1 35. Rxh1 Rxh1 36. Nf1 Rch8 37. Qd3 Nc6 38. a5 Nd4 39. axb6 axb6 40. Qa3 R1h7 41. Qa7+ Kg6 42. Qxb6 Rg7 43. Qxc5 Nf3 44. Qc6 Rb8 45. d7 Rb2+ 46. Ke3 Rb1 47. Qxe6+ Kh7 48. Qxf5+ Kh6 49. Qxb1 Rxd7 50. Qf5 Rg7 51. Qf6+ Kh7 52. Nd2 Nh2 53. Qf5+ Rg6 54. Qh5+ Kg7 55. Qxh2 1-0

[Event "Titled Tuesday intern op 07th Feb Early"]
[Site "Chess.com INT"]
[Date "2023.02.07"]
[Round "9"]
[White "Song, Julien"]
[Black "Wagh, Suyog"]
[Result "1-0"]
[WhiteElo "2358"]
[BlackElo "2313"]
[PlyCount "45"]
[EventDate "2023.02.07"]
[EventType "swiss (blitz)"]
[EventRounds "11"]
[EventCountry "USA"]
[SourceTitle "EXT 2024"]
[Source "ChessBase"]
[SourceDate "2023.10.10"]
[SourceVersion "1"]
[SourceVersionDate "2023.10.10"]
[SourceQuality "1"]

1. d4 Nf6 2. c4 g6 3. Nc3 Bg7 4. Nf3 0-0 5. Bg5 d6 6. e3 Nbd7 7. Be2 e5 8. 0-0 h6 9. Bh4 Re8 10. Qc2 exd4 11. exd4 g5 12. Bg3 Nh5 13. Bd3 Nxg3 14. fxg3 Nf8 15. Ne4 c6 16. d5 c5 17. h4 g4 18. Nh2 Ng6 19. Nf6+ Bxf6 20. Bxg6 Kg7 21. Bxf7 Kxf7 22. Qh7+ Kf8 23. Qg6 1-0

[Event "Sitges Sunway op 9th"]
[Site "Sitges"]
[Date "2022.12.21"]
[Round "9"]
[White "Wadsworth, Matthew J"]
[Black "Song, Julien"]
[Result "1-0"]
[WhiteElo "2470"]
[BlackElo "2369"]
[PlyCount "65"]
[EventDate "2022.12.12"]
[EventType "swiss"]
[EventRounds "10"]
[EventCountry "ESP"]
[SourceTitle "CBM 211 Extra"]
[Source "ChessBase"]
[SourceDate "2023.01.31"]
[SourceVersion "1"]
[SourceVersionDate "2023.01.31"]
[SourceQuality "1"]

1. c4 e6 2. g3 d5 3. Bg2 Nf6 4. Nf3 Be7 5. 0-0 0-0 6. b3 d4 7. e3 c5 8. Ne5 Qc7 9. f4 Nfd7 10. Nd3 Nc6 11. Bb2 b6 12. Na3 a6 13. exd4 cxd4 14. Nb5 axb5 15. cxb5 Bb7 16. bxc6 Bxc6 17. Rc1 Nc5 18. Bxc6 Qxc6 19. b4 Qb5 20. bxc5 Qxd3 21. cxb6 Rfb8 22. Rf3 Qe4 23. Rb3 d3 24. Be5 Rb7 25. Qf1 f6 26. Bc7 Rxa2 27. Rxd3 Rb2 28. f5 Rb5 29. Rd8+ Bxd8 30. Qxb5 Be7 31. Qe8+ Bf8 32. Qxe6+ Qxe6 33. fxe6 1-0

[Event "Sitges Sunway op 9th"]
[Site "Sitges"]
[Date "2022.12.12"]
[Round "1"]
[White "Fernandez Climent, Albert"]
[Black "Song, Julien"]
[Result "0-1"]
[WhiteElo "1963"]
[BlackElo "2369"]
[PlyCount "94"]
[EventDate "2022.12.12"]
[EventType "swiss"]
[EventRounds "10"]
[EventCountry "ESP"]
[SourceTitle "CBM 211 Extra"]
[Source "ChessBase"]
[SourceDate "2023.01.31"]
[SourceVersion "1"]
[SourceVersionDate "2023.01.31"]
[SourceQuality "1"]

1. d4 Nf6 2. c4 e6 3. Nc3 Bb4 4. a3 Bxc3+ 5. bxc3 Nc6 6. f3 Na5 7. e4 b6 8. Bg5 h6 9. Bh4 d6 10. Bd3 g5 11. Bf2 Ba6 12. Qe2 Qe7 13. Nh3 0-0-0 14. 0-0 Kb8 15. Rab1 e5 16. c5 Bxd3 17. Qxd3 dxc5 18. Qb5 Ka8 19. dxc5 Rb8 20. Qa6 Nd7 21. cxb6 cxb6 22. Bxb6 Nxb6 23. Qxa5 Rhc8 24. Rfc1 Rc6 25. Qa6 Qc7 26. a4 Qc8 27. Qd3 Nxa4 28. Rxb8+ Qxb8 29. Nf2 Nxc3 30. Ra1 Qb6 31. Ra6 Ne2+ 32. Kf1 Rc1+ 33. Nd1 Rxd1+ 34. Qxd1 Qxa6 35. Qd8+ Kb7 36. Qd7+ Kb6 37. Qd6+ Kb7 38. Qd7+ Kb6 39. Qd6+ Ka5 40. Qxe5+ Qb5 41. Qa1+ Kb4 42. Qb1+ Kc4 43. Qa2+ Kc3 44. Qa1+ Kd2 45. Qa2+ Ke3 46. Qa1 Nc3+ 47. Kg1 Qb1+ 0-1

[Event "Bayern-chI Bank Hofmann 25th"]
[Site "Tegernsee"]
[Date "2022.11.07"]
[Round "3"]
[White "Cheng, Bobby Sky"]
[Black "Song, Julien"]
[Result "1-0"]
[WhiteElo "2576"]
[BlackElo "2361"]
[PlyCount "105"]
[EventDate "2022.11.05"]
[EventType "swiss"]
[EventRounds "9"]
[EventCountry "GER"]
[SourceTitle "CBM 211 Extra"]
[Source "ChessBase"]
[SourceDate "2023.01.31"]
[SourceVersion "1"]
[SourceVersionDate "2023.01.31"]
[SourceQuality "1"]

1. d4 Nf6 2. c4 e6 3. g3 d5 4. Bg2 dxc4 5. Nf3 c5 6. 0-0 Nc6 7. dxc5 Qxd1 8. Rxd1 Bxc5 9. Nbd2 c3 10. bxc3 0-0 11. Nb3 Be7 12. Nfd4 Nxd4 13. Rxd4 e5 14. Rd1 Rb8 15. Na5 Bg4 16. Kf1 Rfc8 17. Rb1 Bf8 18. c4 Rc5 19. Rb5 e4 20. Rxc5 Bxc5 21. Bf4 Rc8 22. Nxb7 h6 23. Be5 Be6 24. Nxc5 Rxc5 25. Rd8+ Kh7 26. Bxf6 gxf6 27. Bxe4+ Kg7 28. Bd5 Bxd5 29. Rxd5 Rxc4 30. Ra5 Rc7 31. g4 Kg6 32. Kg2 Rb7 33. Kg3 Rc7 34. h4 Rb7 35. h5+ Kg7 36. f3 Re7 37. e4 Rc7 38. Kf4 Rb7 39. Kf5 Rc7 40. Kf4 Rb7 41. Kf5 Rc7 42. f4 Rb7 43. a3 Rd7 44. Ra6 Rc7 45. Rxf6 Rc5+ 46. e5 Ra5 47. g5 hxg5 48. Kxg5 Rxa3 49. h6+ Kg8 50. h7+ Kxh7 51. Rxf7+ Kg8 52. e6 a5 53. Ra7 1-0

[Event "Titled Tuesday intern op 04th Oct Early"]
[Site "Chess.com INT"]
[Date "2022.10.04"]
[Round "4"]
[White "Song, Julien"]
[Black "Mesa Cruz, Juan Carlos"]
[Result "0-1"]
[WhiteElo "2361"]
[BlackElo "2159"]
[PlyCount "104"]
[EventDate "2022.10.04"]
[EventType "swiss (blitz)"]
[EventRounds "11"]
[EventCountry "USA"]
[SourceTitle "EXT 2023"]
[Source "ChessBase"]
[SourceDate "2022.10.05"]
[SourceVersion "1"]
[SourceVersionDate "2022.10.05"]
[SourceQuality "1"]

1. d4 Nf6 2. Bg5 Ne4 3. Bf4 c5 4. f3 Nf6 5. d5 d6 6. e4 e6 7. c4 Be7 8. Nc3 0-0 9. Bd3 Nbd7 10. Nge2 Ne5 11. 0-0 Nxd3 12. Qxd3 exd5 13. cxd5 a6 14. a4 Ne8 15. Ng3 g6 16. Bh6 Ng7 17. f4 Re8 18. Bxg7 Kxg7 19. e5 Qb6 20. a5 c4+ 21. axb6 cxd3 22. Nge4 Bf5 23. Rad1 dxe5 24. fxe5 Bd8 25. Nd6 Bxb6+ 26. Kh1 Rxe5 27. g4 Bxg4 28. Rxf7+ Kg8 29. Rdf1 d2 30. Nce4 Rxe4 31. Nxe4 d1Q 32. Rxd1 Kxf7 33. Rf1+ Ke7 34. d6+ Ke6 35. h3 Bf5 36. Ng5+ Kxd6 37. Rd1+ Ke7 38. Kg2 Rd8 39. Re1+ Kf6 40. Nxh7+ Kg7 41. Ng5 Rd2+ 42. Kf3 Rxb2 43. h4 Rf2+ 44. Kg3 Rb2 45. Re7+ Kf6 46. Rf7+ Ke5 47. Re7+ Kd6 48. Re1 Bf2+ 49. Kf4 Bxe1 50. Nf7+ Ke7 51. Ne5 Rb4+ 52. Kg5 Bd2# 0-1

[Event "Titled Tuesday intern op 27th Sep Early"]
[Site "Chess.com INT"]
[Date "2022.09.27"]
[Round "4"]
[White "Kalajzic, Ivan"]
[Black "Song, Julien"]
[Result "0-1"]
[WhiteElo "2087"]
[BlackElo "2364"]
[PlyCount "96"]
[EventDate "2022.09.27"]
[EventType "swiss (blitz)"]
[EventRounds "11"]
[EventCountry "USA"]
[SourceTitle "CBM 210 Extra"]
[Source "ChessBase"]
[SourceDate "2022.11.30"]
[SourceVersion "1"]
[SourceVersionDate "2022.11.30"]
[SourceQuality "1"]

1. b3 e5 2. Bb2 Nc6 3. e3 Nf6 4. Bb5 e4 5. f3 a6 6. Bxc6 dxc6 7. Nc3 Bf5 8. fxe4 Nxe4 9. Nf3 f6 10. Nd4 Nxc3 11. Bxc3 Bg6 12. 0-0 Qd7 13. d3 0-0-0 14. Qf3 Bc5 15. Rae1 Rhe8 16. Kh1 Re7 17. Re2 Rde8 18. Rfe1 Qd5 19. Qxd5 cxd5 20. Nf3 Rxe3 21. Rxe3 Rxe3 22. Rxe3 Bxe3 23. Bd4 Bxd4 24. Nxd4 c5 25. Ne6 Kd7 26. Nxc5+ Kc6 27. b4 b6 28. Nxa6 Kb5 29. Nc7+ Kxb4 30. Nxd5+ Kc5 31. Nf4 Bf7 32. a3 Kb5 33. c4+ Kc5 34. Ne2 Bg6 35. Nf4 Kd4 36. a4 Bxd3 37. Ne6+ Kxc4 38. Nxg7 Kb4 39. Nh5 f5 40. Nf4 Be4 41. Kg1 Kxa4 42. Kf2 b5 43. Ke3 b4 44. Kd2 b3 45. Kc1 Ka3 46. Ne2 b2+ 47. Kd2 b1Q 48. Nc3 Qb2+ 0-1

[Event "Titled Tuesday intern op 27th Sep Early"]
[Site "Chess.com INT"]
[Date "2022.09.27"]
[Round "6"]
[White "Song, Julien"]
[Black "Koridze, Lile"]
[Result "1-0"]
[WhiteElo "2364"]
[BlackElo "2081"]
[PlyCount "143"]
[EventDate "2022.09.27"]
[EventType "swiss (blitz)"]
[EventRounds "11"]
[EventCountry "USA"]
[SourceTitle "CBM 210 Extra"]
[Source "ChessBase"]
[SourceDate "2022.11.30"]
[SourceVersion "1"]
[SourceVersionDate "2022.11.30"]
[SourceQuality "1"]

1. d4 Nf6 2. Bg5 e6 3. e4 d6 4. Nc3 Be7 5. Be3 0-0 6. Bd3 c6 7. f4 Nbd7 8. Nf3 Qc7 9. h3 e5 10. dxe5 dxe5 11. Qd2 b5 12. 0-0 b4 13. Na4 c5 14. b3 Bb7 15. fxe5 Nxe5 16. Nxe5 Qxe5 17. Qf2 Bxe4 18. Bxc5 Bxd3 19. cxd3 Bxc5 20. Qxc5 Qe2 21. Qxb4 Qxd3 22. Rf3 Qg6 23. Raf1 Ne4 24. Nc5 Ng3 25. R1f2 Rad8 26. Kh2 Nh5 27. Ne4 f5 28. Ng3 Nxg3 29. Rxg3 Qe6 30. Qc3 g6 31. Re3 Qd6+ 32. Kg1 Rfe8 33. Rfe2 Rxe3 34. Qxe3 Rd7 35. Qe8+ Kg7 36. Re1 Qd4+ 37. Kh1 Qd2 38. Re2 Qc1+ 39. Kh2 Qf4+ 40. g3 Qd4 41. h4 Rf7 42. Qe5+ Qxe5 43. Rxe5 Rd7 44. Ra5 Kf6 45. Kg2 h6 46. Kf3 Rd3+ 47. Kf2 Rd7 48. Ra6+ Kf7 49. Kf3 Re7 50. Kf4 Re4+ 51. Kf3 Re7 52. a3 Rc7 53. b4 Rc3+ 54. Kf4 Rc7 55. Kf3 Rc3+ 56. Kf4 Rc7 57. b5 Rc4+ 58. Kf3 Rc3+ 59. Kg2 Rc2+ 60. Kf3 Rc7 61. a4 Re7 62. Kf4 Re4+ 63. Kf3 Re7 64. h5 gxh5 65. Rxh6 Re4 66. Ra6 Re7 67. Kf4 Rc7 68. Kxf5 Kg7 69. Kg5 Rc5+ 70. Kh4 Rc7 71. Kxh5 Rc3 72. g4 1-0

[Event "Titled Tuesday intern op 27th Sep Early"]
[Site "Chess.com INT"]
[Date "2022.09.27"]
[Round "10"]
[White "Song, Julien"]
[Black "Rottenwohrer Suarez, Juan"]
[Result "0-1"]
[WhiteElo "2364"]
[BlackElo "2295"]
[PlyCount "60"]
[EventDate "2022.09.27"]
[EventType "swiss (blitz)"]
[EventRounds "11"]
[EventCountry "USA"]
[SourceTitle "CBM 210 Extra"]
[Source "ChessBase"]
[SourceDate "2022.11.30"]
[SourceVersion "1"]
[SourceVersionDate "2022.11.30"]
[SourceQuality "1"]

1. d4 Nf6 2. Bg5 d5 3. Nd2 Bf5 4. Bxf6 exf6 5. e3 c5 6. dxc5 Bxc5 7. Bd3 Bxd3 8. cxd3 0-0 9. d4 Bb6 10. Ne2 f5 11. 0-0 Nd7 12. Nc3 Nf6 13. Qf3 g6 14. Rfc1 Ne4 15. Ndxe4 dxe4 16. Qe2 Rc8 17. Qb5 f4 18. Qd5 Rxc3 19. Qxe4 Rxc1+ 20. Rxc1 fxe3 21. fxe3 Re8 22. Qxb7 Qg5 23. Rf1 Qxe3+ 24. Kh1 Re7 25. Qc8+ Kg7 26. d5 Qf2 27. Qc3+ Bd4 28. Qc4 Re1 29. Qxd4+ Qxd4 30. Rxe1 Qxd5 0-1

[Event "Titled Tuesday intern op 20th Sep Early"]
[Site "Chess.com INT"]
[Date "2022.09.20"]
[Round "1"]
[White "Nouri, Alekhine"]
[Black "Song, Julien"]
[Result "0-1"]
[WhiteElo "2251"]
[BlackElo "2364"]
[PlyCount "98"]
[EventDate "2022.09.20"]
[EventType "swiss (blitz)"]
[EventRounds "11"]
[EventCountry "USA"]
[SourceTitle "EXT 2023"]
[Source "ChessBase"]
[SourceDate "2022.10.05"]
[SourceVersion "1"]
[SourceVersionDate "2022.10.05"]
[SourceQuality "1"]

1. e4 e6 2. d4 d5 3. Bd3 dxe4 4. Bxe4 Nf6 5. Bf3 c5 6. Ne2 Be7 7. Be3 0-0 8. Nbc3 Qc7 9. dxc5 Rd8 10. Qc1 Bxc5 11. Bxc5 Qxc5 12. Qf4 Nc6 13. 0-0 Ne5 14. Rad1 Nxf3+ 15. Qxf3 Bd7 16. Qxb7 Rab8 17. Qa6 Rxb2 18. Rd2 Rdb8 19. Rfd1 R2b7 20. h3 h6 21. Qd6 Qxd6 22. Rxd6 Kf8 23. Ra6 Ke7 24. f4 Rc8 25. Kf2 Rbc7 26. Na4 Nd5 27. Rd4 Rxc2 28. Rxa7 Rxa2 29. Rxd7+ Kxd7 30. Nb6+ Kd8 31. Nxc8 Kxc8 32. Kf3 Kd7 33. f5 Kd6 34. fxe6 fxe6 35. Ng3 Ra3+ 36. Kf2 g6 37. Rg4 g5 38. h4 Nf6 39. Rb4 g4 40. Rb6+ Ke5 41. Rb5+ Nd5 42. Nh5 Kf5 43. Ng7+ Kf6 44. Ne8+ Ke5 45. Ng7 g3+ 46. Kf1 Ke4 47. Rb2 Ra1+ 48. Ke2 Rg1 49. Rb4+ Nxb4 0-1

[Event "Titled Tuesday intern op 20th Sep Early"]
[Site "Chess.com INT"]
[Date "2022.09.20"]
[Round "8"]
[White "Song, Julien"]
[Black "Martin Duque, Jesus"]
[Result "1-0"]
[WhiteElo "2364"]
[BlackElo "2378"]
[PlyCount "135"]
[EventDate "2022.09.20"]
[EventType "swiss (blitz)"]
[EventRounds "11"]
[EventCountry "USA"]
[SourceTitle "EXT 2023"]
[Source "ChessBase"]
[SourceDate "2022.10.05"]
[SourceVersion "1"]
[SourceVersionDate "2022.10.05"]
[SourceQuality "1"]

1. d4 Nf6 2. Bg5 b6 3. Bxf6 exf6 4. e3 Bb7 5. Nf3 g6 6. g3 Bg7 7. Bg2 0-0 8. 0-0 f5 9. c4 c5 10. Nc3 d6 11. Qd2 Nd7 12. Ne1 Bxg2 13. Nxg2 Rc8 14. b3 Nf6 15. Rad1 cxd4 16. exd4 d5 17. Nxd5 Nxd5 18. cxd5 Qxd5 19. Ne3 Qf3 20. Rc1 Rcd8 21. d5 f4 22. gxf4 Bh6 23. Rc4 Bxf4 24. Qd1 Qxd1 25. Rxd1 Bd6 26. Rc6 Kg7 27. Nc4 Bc5 28. d6 Kf6 29. d7+ Ke7 30. Rc7 a5 31. Ne5 Ke6 32. Nc6 f6 33. Kg2 h5 34. f4 g5 35. Kf3 gxf4 36. Nxd8+ Rxd8 37. Rc8 Rxd7 38. Rxd7 Kxd7 39. Rh8 Be3 40. Rxh5 Ke6 41. Rh7 Kf5 42. Rg7 Ke6 43. h4 f5 44. h5 Kf6 45. Rg6+ Kf7 46. a4 Kf8 47. h6 Bd4 48. h7 Kf7 49. Rg8 Ke6 50. h8Q Bxh8 51. Rxh8 Ke5 52. Rd8 Ke6 53. Kxf4 Kf6 54. Rd6+ Ke7 55. Rxb6 Kd7 56. Kxf5 Kc7 57. Rb5 Kc6 58. Ke5 Kc7 59. Kd4 Kc6 60. Kc4 Kc7 61. b4 Kc6 62. bxa5 Kc7 63. a6 Kc6 64. a7 Kc7 65. a8Q Kd6 66. Qa6+ Kc7 67. Rb7+ Kc8 68. Qa8# 1-0

[Event "Titled Tuesday intern op 20th Sep Early"]
[Site "Chess.com INT"]
[Date "2022.09.20"]
[Round "5"]
[White "Zaksaite, Salomeja"]
[Black "Song, Julien"]
[Result "0-1"]
[WhiteElo "2194"]
[BlackElo "2364"]
[PlyCount "82"]
[EventDate "2022.09.20"]
[EventType "swiss (blitz)"]
[EventRounds "11"]
[EventCountry "USA"]
[SourceTitle "EXT 2023"]
[Source "ChessBase"]
[SourceDate "2022.10.05"]
[SourceVersion "1"]
[SourceVersionDate "2022.10.05"]
[SourceQuality "1"]

1. e4 e6 2. d4 d5 3. Bd3 dxe4 4. Bxe4 Nf6 5. Bf3 c5 6. Ne2 Be7 7. 0-0 0-0 8. dxc5 Qc7 9. b3 Rd8 10. Qe1 Nc6 11. Bb2 Ne5 12. Bxe5 Qxe5 13. Qc3 Qxc5 14. Qxc5 Bxc5 15. c4 Rb8 16. Nbc3 Bd7 17. Rfd1 b6 18. Kf1 Kf8 19. Rd3 Ke7 20. g3 h5 21. Nf4 g6 22. Re1 Kf8 23. Red1 Ke7 24. Re1 Kf8 25. Red1 Be7 26. Ne4 Nxe4 27. Rxd7 Nc3 28. Rxd8+ Rxd8 29. Rxd8+ Bxd8 30. a4 Na2 31. Nd3 Be7 32. Ke2 Bc5 33. Kd2 Bd4 34. Kc2 e5 35. Bc6 f5 36. Kb1 Nc3+ 37. Kc2 Ne2 38. f4 e4 39. Ne5 Bxe5 40. fxe5 Nd4+ 41. Kc3 Nxc6 0-1

[Event "Titled Tuesday intern op 13th Sep Early"]
[Site "Chess.com INT"]
[Date "2022.09.13"]
[Round "10"]
[White "Song, Julien"]
[Black "Ljukin, Sergei"]
[Result "1-0"]
[WhiteElo "2364"]
[BlackElo "2362"]
[PlyCount "139"]
[EventDate "2022.09.13"]
[EventType "swiss (blitz)"]
[EventRounds "11"]
[EventCountry "USA"]
[SourceTitle "EXT 2023"]
[Source "ChessBase"]
[SourceDate "2022.10.05"]
[SourceVersion "1"]
[SourceVersionDate "2022.10.05"]
[SourceQuality "1"]

1. d4 d5 2. c4 c6 3. Nf3 Nf6 4. Nc3 dxc4 5. a4 Bf5 6. e3 e6 7. Bxc4 Bb4 8. 0-0 Nbd7 9. Qe2 0-0 10. Rd1 Rc8 11. h3 Bg6 12. Na2 Bd6 13. Nc3 Qe7 14. e4 e5 15. d5 Nb6 16. Bb3 cxd5 17. Nxd5 Nbxd5 18. Bxd5 Nxd5 19. Rxd5 Rc6 20. Bd2 f6 21. Bc3 Bf7 22. Rd2 Bc4 23. Qd1 Rd8 24. Nh4 g6 25. Qg4 Kf7 26. g3 Be6 27. Qf3 Rcc8 28. Rad1 Bb3 29. Ra1 Qe6 30. Kh2 Bc5 31. Rxd8 Rxd8 32. Ng2 Qc4 33. Bxe5 Qe6 34. Bxf6 Qxf6 35. Qxb3+ Kg7 36. Nf4 Rd2 37. Rf1 Bxf2 38. Qxb7+ Kh6 39. Ng2 Qd6 40. Qb3 Rd3 41. Qxd3 Qxd3 42. Rxf2 Qxe4 43. Nf4 Qxa4 44. Kg2 Qb4 45. h4 Qb7+ 46. Kg1 g5 47. hxg5+ Kxg5 48. Kf1 Kg4 49. Kg1 Kxg3 50. Ne2+ Kg4 51. Nc3 Kg5 52. Rg2+ Kf6 53. Rh2 Ke5 54. Re2+ Kd4 55. Rd2+ Kc4 56. Rc2 Kb3 57. Rf2 Qc6 58. Rg2 h5 59. Rh2 Qg6+ 60. Kh1 Qg4 61. Ne2 Kxb2 62. Ng3+ Kb3 63. Nxh5 Qf3+ 64. Kg1 Qd1+ 65. Kg2 a5 66. Ng3 a4 67. Nf1 Qd5+ 68. Kf2 a3 69. Rh3+ Kb2 70. Ne3 1-0